000 00287nam a22001337a 4500
008 170919b xxu||||| |||| 00| 0 eng d
020 _a0020535600
041 _aeng
080 _a7
100 _a44
101 _aART
245 _aTHE FANTASY BOOK
_cROTTENSTEINER, F
942 _2udc
_cBK
999 _c28155
_d28155